000 00556cam a22001934a 4500
005 20250605164159.0
008 250528s ||||||||||||||||||||||||d
035 _a19727
020 _a9607309413
040 _aGR-AtMCL
_bgre
_dGR-AtMCL
_eAACR2
245 1 _aΜΙΓΑΔΙΚΕΣ ΣΥΝΑΡΤΗΣΕΙΣ ΚΑΙ ΕΦΑΡΜΟΓΕΣ
250 _a2
260 _bChurchill Ruel V
_bΠανεπιστημιακές Εκδόσεις Κρήτης,
_c2005
300 _a425
700 1 _aBrown James W
_95932
942 _cBK
999 _c4983
_d4983